Segundo memorial del pobre de las covachuelas al doctor Bullon este año de 1710

Detalles Bibliográficos
Formato: Libro
Lenguaje:Undetermined
Spanish
Publicado: en Sevilla : por Juan de la Puerta, 1710.
Materias:
Colección:Banco de datos
Acervo:Biblioteca Palafoxiana. Colección bibliográfica
Descripción Física:8 p. ; 4°
Tema general:Apologética
Notas:Número de localización: 33362-N
LEADER 00556nam a2200169Ia 4500
008 150723s9999 xx 000 0 und d
041 0 |a spa 
050 0 |a PAFX BT1100 T6 
245 1 0 |a Segundo memorial del pobre de las covachuelas al doctor Bullon este año de 1710 
260 |a en Sevilla : por Juan de la Puerta, 1710. 
300 |a 8 p. ; 4° 
500 |a Número de localización: 33362-N 
501 |a Encuadernado con 84 obras 
650 1 0 |a Apologética 
942 |c PALALIB 
943 |g Biblioteca Palafoxiana. Colección bibliográfica 
999 |c 1059922  |d 1059922